000 00539nam a22001817a 4500
005 20231113150914.0
008 231113b |||||||| |||| 00| 0 eng d
020 _a9780470854952
_qpbk
082 _a519.282
_bDAG
100 _aDagpunar, J.S.
245 _aSimulation and Monte Carlo : with applications in finance and MCMC
260 _aWest Sussex
_bJohn Wiley and Sons
_c2007
300 _axiv, 333p. ; 24cm.
653 _aMonte Carlo method
653 _aBusiness mathematics
653 _aSimulation methods
942 _2ddc
_cBK
999 _c51493
_d51493